Statistics for Shape of you - Ed Sheeran lyrics

Click here to take the quiz!

General Stats

  • This quiz has been taken 1,661 times
  • The average score is 315 of 397

Answer Stats

Word % Correct
i
100%
the
99%
a
98%
love
98%
in
97%
you
97%
Chorus
96%
X3
96%
X6
95%
and
95%
to
94%
be
94%
shape
94%
my
94%
of
94%
with
94%
is
93%
im
92%
me
91%
like
91%
so
91%
we
90%
go
89%
your
89%
do
87%
bar
86%
where
86%
body
86%
place
85%
best
84%
club
84%
on
83%
find
83%
push
82%
isnt
82%
friends
82%
come
81%
pull
81%
now
80%
talk
79%
magnet
78%
too
77%
girl
76%
hand
75%
table
75%
doing
75%
lover
75%
shots
74%
for
74%
at
74%
slow
74%
heart
73%
want
73%
were
73%
room
72%
smell
72%
night
72%
then
72%
know
71%
last
71%
follow
70%
lead
70%
somebody
68%
start
67%
put
67%
dance
66%
new
66%
oh
66%
it
66%
falling
65%
bedsheets
64%
was
64%
give
64%
brand
64%
conversation
64%
something
63%
every
63%
fast
63%
let
62%
trust
62%
over
62%
just
62%
chance
62%
drinking
62%
that
61%
dont
61%
singing
61%
not
61%
ill
61%
much
60%
day
59%
boy
59%
baby
59%
crazy
59%
up
59%
handmade
58%
mind
58%
say
57%
jukebox
57%
may
56%
lets
55%
discovering
54%
first
54%
grab
54%
hours
54%
waist
53%
date
53%
our
51%
man
51%
family
50%
sweet
50%
out
50%
sour
49%
taxi
49%
going
48%
about
47%
okay
47%
story
47%
begin
47%
play
46%
radio
46%
take
46%
how
46%
kiss
44%
plate
44%
although
44%
stop
44%
backseat
43%
all
43%
can
43%
fill
42%
drive
42%
are
41%
get
40%
make
39%
bag
38%
eat
38%
tell
35%
thrifty
34%
week
31%
one
31%
everyday
30%
van
29%
leave
20%

Score Distribution

Percentile by Number Answered

Percent of People with Each Score

Your Score History

You have not taken this quiz